| 000 | 00961nam a22003377a 4500 | ||
|---|---|---|---|
| 005 | 20110221114038.0 | ||
| 006 | a|||||r|||||00| 0 | ||
| 008 | 110221c xxu||||| |||| 00| 0 eng d | ||
| 022 | _a0971-1260 | ||
| 035 | _a(OCoLC)ocm22505062 | ||
| 040 |
_aWU _cWU _dIU _dDLC _dWaU _dDLC _dMiU |
||
| 042 | _alc | ||
| 043 | _aa-ii--- | ||
| 050 | 0 | 0 |
_aDS401 _b.T47 |
| 082 | 0 | 0 |
_a954/.005 _220 |
| 245 | 0 | 0 | _aThink India. |
| 260 |
_aNew Delhi : _bVihar Nyas _c[1989?- |
||
| 265 | _aThink India, | ||
| 300 |
_a v. ; _c25 cm. |
||
| 310 | _aQuarterly | ||
| 362 | 0 | _aVol. 1, no. 1 (Aug.-Oct. '89)- | |
| 500 | _aTitle from cover. | ||
| 590 | _aSERBIB/SERLOC merged record | ||
| 651 | 0 |
_aIndia _xPeriodicals. _91549 |
|
| 901 | _cSER | ||
| 906 |
_a7 _bcbc _cserials _d3 _encip _f19 _gn-oclcserc |
||
| 936 | _aVol. 2, no. 2 (Nov.-Jan. '91) LIC | ||
| 942 |
_2ddc _cSR _s1 |
||
| 999 |
_c50681 _d50681 |
||